[Event "Berlin Lichtenrade op 08th"]
[Site "Berlin"]
[Date "2012.10.04"]
[Round "6"]
[White "Boettcher, Patrick"]
[Black "Muench, Tobias"]
[Result "0-1"]
[WhiteElo "2193"]
[BlackElo "1875"]
[PlyCount "120"]
[EventDate "2012.09.29"]
[EventType "swiss"]
[EventRounds "9"]
[EventCountry "GER"]
[SourceTitle "CBM 150 Extra"]
[Source "ChessBase"]
[SourceDate "2012.10.19"]
[SourceVersion "1"]
[SourceVersionDate "2012.10.19"]
[SourceQuality "1"]

1. d4 Nf6 2. Nf3 g6 3. c4 Bg7 4. Nc3 d5 5. cxd5 Nxd5 6. e4 Nxc3 7. bxc3 0-0 8. Be3 c5 9. Qd2 Qa5 10. Rc1 Rd8 11. Bd3 Nd7 12. d5 b5 13. c4 Qxd2+ 14. Nxd2 b4 15. Nb3 Bc3+ 16. Ke2 Ne5 17. Nxc5 a5 18. Na4 Nxd3 19. Kxd3 Bg7 20. Nb6 Rb8 21. Nxc8 Rdxc8 22. c5 b3 23. axb3 Rxb3+ 24. Kd2 a4 25. Rc2 a3 26. Ra2 Bb2 27. c6 e6 28. Rd1 Kf8 29. Kc2 Rc3+ 30. Kb1 Rc4 31. d6 R4xc6 32. d7 Rd8 33. Rxb2 axb2 34. Bg5 f6 35. Bxf6 Rc1+ 36. Rxc1 bxc1Q+ 37. Kxc1 Rxd7 38. h4 Kf7 39. Be5 Ke8 40. Bf6 Rf7 41. e5 Rd7 42. Bg5 Rd5 43. Bf4 Kd7 44. Kc2 Rd4 45. g3 Kc6 46. Be3 Re4 47. Kd3 Kd5 48. Ke2 Kxe5 49. Kf3 Kf5 50. Ba7 Rb4 51. Bc5 Rb3+ 52. Be3 Ra3 53. g4+ Ke5 54. Ke2 h5 55. gxh5 gxh5 56. Bg5 Ke4 57. Bh6 Ra2+ 58. Ke1 Kf3 59. Be3 Ra1+ 60. Kd2 Rh1 0-1

[Event "Berlin op 05"]
[Site "Berlin"]
[Date "2006.05.27"]
[Round "5"]
[White "Eberlein, Johann"]
[Black "Muench, Tobias"]
[Result "1-0"]
[WhiteElo "1810"]
[BlackElo "1613"]
[PlyCount "77"]
[EventDate "2006.05.24"]
[EventType "swiss"]
[EventRounds "7"]
[EventCountry "GER"]
[SourceTitle "EXT 2007"]
[Source "ChessBase"]
[SourceDate "2006.11.23"]
[SourceVersion "1"]
[SourceVersionDate "2006.11.23"]
[SourceQuality "1"]

1. Nc3 d5 2. e4 d4 3. Nce2 c5 4. Ng3 Nc6 5. Bc4 Bd7 6. f4 e6 7. Nf3 Nge7 8. 0-0 Qc7 9. d3 h5 10. Ng5 Na5 11. a3 Nxc4 12. dxc4 f6 13. Nf3 Nc6 14. Nh4 0-0-0 15. Ng6 Rh7 16. Nxh5 f5 17. Nxf8 Rxf8 18. Ng3 Rfh8 19. h3 fxe4 20. Nxe4 e5 21. Ng5 Rh5 22. Qf3 Na5 23. Qd3 Bc6 24. b4 e4 25. Nxe4 Bxe4 26. Qxe4 Nxc4 27. Qe6+ Kb8 28. Qxc4 Qc6 29. Qd3 Rd8 30. Qf3 Rhd5 31. bxc5 Qxc5 32. Qd3 Qb6 33. Bd2 Rc5 34. Rab1 Qc6 35. c3 Rcd5 36. c4 R5d7 37. Rb5 Rc7 38. Rfb1 Qf6 39. Ba5 1-0

[Event "Berlin op 05"]
[Site "Berlin"]
[Date "2006.05.27"]
[Round "6"]
[White "Muench, Tobias"]
[Black "Frederking, Julius"]
[Result "1-0"]
[WhiteElo "1613"]
[BlackElo "873"]
[PlyCount "159"]
[EventDate "2006.05.24"]
[EventType "swiss"]
[EventRounds "7"]
[EventCountry "GER"]
[SourceTitle "EXT 2007"]
[Source "ChessBase"]
[SourceDate "2006.11.23"]
[SourceVersion "1"]
[SourceVersionDate "2006.11.23"]
[SourceQuality "1"]

1. e4 e5 2. Nc3 Nf6 3. Bc4 c6 4. Nf3 d5 5. exd5 e4 6. Qe2 cxd5 7. Bb5+ Nc6 8. d3 Qe7 9. dxe4 dxe4 10. Nd4 Bd7 11. Bxc6 bxc6 12. Bg5 Qe5 13. Bxf6 Qxf6 14. Qxe4+ Qe7 15. 0-0 Qxe4 16. Nxe4 Be7 17. Rfe1 0-0 18. Rad1 Rfe8 19. Nb3 Bf5 20. Re2 Bb4 21. c3 Rxe4 22. Rxe4 Bxe4 23. cxb4 Bc2 24. Rd6 Bxb3 25. axb3 Rc8 26. Rd7 a6 27. Ra7 Kf8 28. Rxa6 Ke7 29. Kf1 Rb8 30. Rxc6 Rxb4 31. Rc3 Ke6 32. Ke2 Kd5 33. Kd2 h5 34. Kc2 Re4 35. Rd3+ Kc5 36. Kc3 Re2 37. Rd2 Re4 38. Rd7 Rf4 39. f3 g5 40. Rd3 g4 41. g3 Rf6 42. f4 Rc6 43. b4+ Kb5+ 44. Kb3 Re6 45. Rd5+ Kb6 46. Re5 Rh6 47. Rf5 f6 48. Kc4 Kc6 49. b5+ Kb6 50. b4 h4 51. gxh4 Rxh4 52. Rxf6+ Kb7 53. Rg6 Rxh2 54. Rxg4 Rf2 55. Kd3 Kb6 56. Ke3 Rf1 57. Rg5 Rb1 58. f5 Rb3+ 59. Kf2 Rxb4 60. Rg6+ Kxb5 61. Kg3 Kc5 62. Rg4 Rb3+ 63. Kf4 Rb4+ 64. Kg5 Rb6 65. f6 Kd6 66. Kg6 Ke5 67. Rg5+ Ke6 68. Rg2 Kd7 69. Kg7 Rxf6 70. Kxf6 Kd6 71. Rd2+ Kc5 72. Ke5 Kc4 73. Rd8 Kc3 74. Ke4 Kc2 75. Ke3 Kc3 76. Rc8+ Kb4 77. Kd4 Kb5 78. Rc1 Kb6 79. Kd5 Kb7 80. Kd6 1-0

[Event "Berlin op 05"]
[Site "Berlin"]
[Date "2006.05.24"]
[Round "1"]
[White "Jaeschke, Jens Uwe"]
[Black "Muench, Tobias"]
[Result "1-0"]
[WhiteElo "2096"]
[BlackElo "1613"]
[PlyCount "79"]
[EventDate "2006.05.24"]
[EventType "swiss"]
[EventRounds "7"]
[EventCountry "GER"]
[SourceTitle "EXT 2007"]
[Source "ChessBase"]
[SourceDate "2006.11.23"]
[SourceVersion "1"]
[SourceVersionDate "2006.11.23"]
[SourceQuality "1"]

1. c4 c5 2. g3 Nc6 3. Bg2 b6 4. Nc3 Bb7 5. e4 d6 6. Nge2 Nf6 7. 0-0 e6 8. d4 Be7 9. b3 0-0 10. Bb2 Nd7 11. d5 Nce5 12. Nf4 exd5 13. Ncxd5 Bf6 14. Qe2 Ng6 15. Nxf6+ Nxf6 16. Nh5 Nxh5 17. Qxh5 Re8 18. Rfe1 Qc7 19. Rad1 Rad8 20. Qg5 f6 21. Qd2 Ne5 22. Qc3 Qf7 23. f4 Nc6 24. Qc1 f5 25. exf5 Rxe1+ 26. Rxe1 Nb4 27. Bxb7 Qxb7 28. Qe3 Qf7 29. Qe7 Rd7 30. Qe4 d5 31. cxd5 Rxd5 32. f6 gxf6 33. f5 Rd2 34. Qg4+ Kf8 35. Bc1 Qd5 36. Bxd2 Qxd2 37. Qe4 Qd7 38. Re2 Nc6 39. Qe6 Qd4+ 40. Kg2 1-0